00464nam a2200181Ia 4500008004100000020001800041050001400059100002000073245002000093245005800113260001300171260002900184260000900213300001500222300002700237300001000264500000800274170918s9999 xx 000 0 und d a9780746070222 bP294 2005 aPatchett, Fiona aPuss in Boots / cretold by Fiona Patchett ; illustrated by Teri Gower. aLondon : bUsborne Publishing Ltd., c2005 a47 pages : bcolored illustration ; c19cm. a620